000 00312nam a2200121Ia 4500
008 240624s9999 xx 000 0 und d
041 _aeng
082 _a153.94 JAI
100 _aJAIN ANOOP
245 _aSECRETARIAL AUDIT DUE DILIGENCE AND COMP
250 _a(10th ed.)
260 _c2018
_aDelhi
_bAJ Publications
999 _c30250
_d30250